Neuro-Linguistic Programming for Change Leaders /

We know a lot about change leadership. We understand how to design change programmes, and we know how to prescribe best practice change methods. Yet, despite all this knowledge, it is reported that up to 70% of change leadership projects fail to realize many of their objectives. The fault lines are...

Full description

Bibliographic Details
Main Author: Potter, David (Author)
Corporate Author: Safari, an O'Reilly Media Company
Format: eBook
Language:English
Published: Routledge, 2018.
Edition:1st edition.
Subjects:
Online Access:Connect to this electronic resource

MARC

Tag First Indicator Second Indicator Subfields
LEADER 00000uam a2200000 a 4500
001 in00004256021
005 20260128221347.4
006 m o d
007 cr cn
008 180918s2018 xx o eng
020 |z 9781351583473 
020 |z 9781315099569 
020 |z 131509956X 
020 |z 1138495999 
020 |z 1138297003 
020 |z 9781138297005 
020 |z 9781138495999 
035 |a (CaSebORM)9781351583473 
040 |d UtOrBLW 
041 0 |a eng 
100 1 |a Potter, David,  |e author.  |0 http://id.loc.gov/authorities/names/n84156764 
245 1 0 |a Neuro-Linguistic Programming for Change Leaders /  |c Potter, David. 
250 |a 1st edition. 
264 1 |b Routledge,  |c 2018. 
300 |a 1 online resource (188 pages) 
336 |a text  |b txt  |2 rdacontent 
337 |a computer  |b c  |2 rdamedia 
338 |a online resource  |b cr  |2 rdacarrier 
347 |a text file 
520 |a  We know a lot about change leadership. We understand how to design change programmes, and we know how to prescribe best practice change methods. Yet, despite all this knowledge, it is reported that up to 70% of change leadership projects fail to realize many of their objectives. The fault lines are cited as occurring at the micro level of social interaction. What we don't adequately explain and demonstrate within the change leadership literature is how change leaders may consciously generate in themselves and in others resourceful mindsets, emotions, attitudes, and behaviours to enable positive change leadership dynamics. Neuro-Linguistic Programming for Change Leaders: The Butterfly Effect fills this gap by connecting the practices of personal development with those of corporate change leadership . This book has the vision of advancing NLP as a serious technology in the change leader's tool box. The book introduces to operations managers, HR practitioners, OD specialists, and students of management new ideas and practices, which can transform their effectiveness as change leaders. It focuses on the benefits of applied NLP to change leaders as a generative change toolkit. Secondly, the book provides a model that shows change leaders how to build a climate of psychological safety to establish rapport with stakeholders. Thirdly, the book provides a strategy for enabling broader cultural change and stakeholder engagement throughout the organization. 
533 |a Electronic reproduction.  |b Boston, MA :  |c Safari,  |n Available via World Wide Web.  |d 2018. 
538 |a Mode of access: World Wide Web. 
542 |f Copyright © Routledge 2018  |g 2018 
588 |a Online resource; Title from title page (viewed May 15, 2018) 
500 |a Electronic resource. 
655 7 |a Electronic books.  |2 local 
710 2 |a Safari, an O'Reilly Media Company. 
856 4 0 |u https://proxy.library.tamu.edu/login?url=https://go.oreilly.com/TAMU/library/view/-/9781351583473/?ar  |z Connect to this electronic resource  |t 0 
999 f f |s 86be0fe6-e2c6-368c-81d2-d46a13198dc5  |i d3a265d2-5b88-31bb-80eb-6ba01787a716  |t 0 
952 f f |a Texas A&M University  |b College Station  |c Electronic Resources  |s www_evans  |d Available Online  |t 0  |h No information provided 
998 f f |t 0  |l Available Online